| 000 | nam a22 7a 4500 | ||
|---|---|---|---|
| 999 |
_c147376 _d147374 |
||
| 005 | 20190301102012.0 | ||
| 008 | 190301b nyu||||| |||| 00| 0 eng d | ||
| 020 | _a9780071333450 | ||
| 020 | _a0071333452 | ||
| 050 | 0 | 4 |
_aHB139 _bG85 2009 |
| 100 | 1 | _aGujarati, Damodar N. | |
| 245 | 1 | 0 |
_aBasic econometrics _c/ Damodar N. Gujarati, Dawn C. Porter, Sangeetha Gunasekar. |
| 250 | _a5a ed. | ||
| 260 |
_aNew York : _bMcGraw-Hill, _c2009. |
||
| 300 |
_axxiii, 885 p. ; _c24 cm. |
||
| 504 | _aIncluye bibliografía | ||
| 650 | 7 |
_2lemb _aEconometría |
|
| 700 | 1 |
_aPorter, Down C., _eautor |
|
| 700 | 1 |
_aGunasekar, Sangeetha, _eautor |
|
| 942 |
_2lcc _cLIB |
||